Statistics for NBA Rookies: Leading Scorer Every Year

Click here to take the quiz!

General Stats

  • This quiz has been taken 141 times
    (61 since last reset)
  • The average score is 26 of 76

Answer Stats

YearPlayerAverage% Correct
2004LeBron James27.2
88%
1985Michael Jordan30.1
86%
2022Cade Cunningham17.4
79%
2008Kevin Durant27.0
70%
1960Wilt Chamberlain30.1
70%
2019Luka Doncic21.2
68%
1961Jerry West27.0
64%
1993Shaquille O'Neal23.7
63%
1980Larry Bird24.3
61%
2021Anthony Edwards19.3
59%
2020Ja Morant17.8
59%
2012Kyrie Irving22.2
59%
1964Gus Johnson17.1
57%
1970Kareem Abdul-Jabbar24.6
57%
1992Larry Johnson16.2
57%
2006Chris Paul18.5
55%
2017Joel Embiid24.3
54%
2016Karl-Anthony Towns22.3
54%
1986Karl Malone25.0
54%
2009Russell Westbrook23.0
54%
1997Allen Iverson26.7
52%
2010James Harden24.3
52%
2013Anthony Davis23.7
48%
2015Andrew Wiggins19.4
46%
2011Blake Griffin21.9
46%
1990David Robinson21.1
46%
1995Glenn Robinson20.7
46%
1959Elgin Baylor27.4
45%
1955Bob Pettit26.4
41%
2005Dwight Howard / Kevin Martin17.4
41%
2018Donovan Mitchell22.1
39%
1979Mike Mitchell19.8
39%
1949George Mikan23.1
38%
1998Tracy McGrady19.6
38%
2003Yao Ming19.0
34%
1983Dominique Wilkins24.8
32%
1966Rick Barry23.2
32%
1988Reggie Miller18.2
30%
1958Sam Jones17.7
30%
1969Elvin Hayes21.0
29%
1977George Gervin26.2
29%
1996Kevin Garnett17.8
29%
1971Pete Maravich24.2
29%
1994Chris Webber20.7
27%
1984Clyde Drexler20.4
27%
1999Dirk Nowitzki20.7
27%
2014Giannis Antetokounmpo18.8
27%
1968Walt Frazier18.9
27%
1965Willis Reed18.7
27%
1978Bernard King22.5
25%
1963John Havlicek20.8
23%
1973Bob McAdoo22.1
21%
1989Mitch Richmond21.0
21%
1951Paul Arizin22.8
21%
1967Dave Bing20.3
20%
1991Derrick Coleman16.5
20%
2007LaMarcus Aldridge19.6
20%
1982Mark Aguirre20.0
14%
1952Neil Johnston19.4
13%
1957Tom Heinsohn18.6
13%
1962Walt Bellamy20.1
13%
1972Charlie Scott17.9
11%
2002Gilbert Arenas20.7
11%
2000Steve Francis18.1
11%
1947Joe Fulks16.4
9%
1987Brad Daugherty19.0
7%
1956Jack Twyman19.2
7%
1981Kiki Vandeweghe19.7
7%
1976World B. Free20.3
7%
1974Doug Collins17.9
5%
2001Michael Redd19.0
4%
1954George Yardley19.2
2%
1950Alex Groza22.5
0%
1948Carl Braun13.5
0%
1953Dick Groat11.9
0%
1975John Drew20.7
0%

Score Distribution

Percentile by Number Answered

Percent of People with Each Score

Your Score History

You have not taken this quiz since the last reset